MARC

LEADER 00000nam0a2200000 4500
001 119853
005 20231031124746.0
035 |a (RuTPU)RU\TPU\book\129772 
090 |a 119853 
100 |a 20070808d1984 km y0rusy50 ca 
101 0 |a rus 
102 |a RU 
105 |a a z 001zy 
200 1 |a Генетическая минералогия и геохимия рудных месторождений Сибири  |f Академия наук СССР (АН СССР), Сибирское отделение (СО), Институт геологии и геофизики (ИГиГ) 
210 |a Новосибирск  |c Наука  |d 1984 
215 |a 176 с.  |c ил. 
225 1 |a Труды института геологии и геофизики СО АН СССР  |v Вып. 587 
320 |a Библиография в конце статей 
610 1 |a генетическая минералогия 
610 1 |a геохимия 
610 1 |a рудные месторождения 
610 1 |a Сибирь 
610 1 |a минералогия 
675 |a 553.3/4:549  |v 3 
675 |a 553.3/4(571)  |v 3 
712 0 2 |a Академия наук СССР (АН СССР)  |b Сибирское отделение (СО)  |b Институт геологии и геофизики (ИГиГ)  |c (Новосибирск)  |2 stltpush  |3 (RuTPU)RU\TPU\col\128 
801 1 |a RU  |b 63413507  |c 20070808  |g PSBO 
801 2 |a RU  |b 63413507  |c 20150204  |g PSBO 
942 |c BK